[Event "COL-ch U18 Girls"]
[Site "Medellin"]
[Date "2022.06.04"]
[Round "6"]
[White "Valencia Quinchia, Isabella"]
[Black "Castano, Saray"]
[Result "0-1"]
[WhiteElo "1422"]
[BlackElo "1692"]
[PlyCount "42"]
[EventDate "2022.06.01"]
[EventType "swiss"]
[EventRounds "9"]
[EventCountry "COL"]
[SourceTitle "CBM 208 Extra"]
[Source "ChessBase"]
[SourceDate "2022.07.31"]
[SourceVersion "1"]
[SourceVersionDate "2022.07.31"]
[SourceQuality "1"]

1. e4 c5 2. Nf3 d6 3. d4 cxd4 4. Nxd4 Nf6 5. Nc3 g6 6. Be3 Bg7 7. Be2 0-0 8. Qd2 Nc6 9. 0-0-0 Nxd4 10. Bxd4 Be6 11. f3 Qa5 12. Kb1 Rfc8 13. g4 Rxc3 14. Qxc3 Qxa2+ 15. Kc1 Bxg4 16. Kd2 Qe6 17. Bc4 Bxf3 18. Bxf6 Qxf6 19. Qb3 Bh6+ 20. Kd3 Bxh1 21. Rxh1 Qf3+ 0-1

[Event "COL-ch Blitz (Women)"]
[Site "Villavicencio"]
[Date "2021.11.15"]
[Round "9"]
[White "Castano, Saray"]
[Black "Lopez Rayo, Isabella"]
[Result "0-1"]
[WhiteElo "1547"]
[BlackElo "1640"]
[PlyCount "34"]
[EventDate "2021.11.15"]
[EventType "swiss (blitz)"]
[EventRounds "13"]
[EventCountry "COL"]
[SourceTitle "CBM 205 Extra"]
[Source "ChessBase"]
[SourceDate "2022.01.31"]
[SourceVersion "1"]
[SourceVersionDate "2022.01.31"]
[SourceQuality "1"]

1. c4 c5 2. Nc3 Nc6 3. g3 g6 4. Bg2 Bg7 5. e3 d6 6. Nge2 e6 7. d4 Nge7 8. 0-0 0-0 9. b3 Bd7 10. Bb2 Rc8 11. Qd2 a6 12. Rac1 Nf5 13. dxc5 dxc5 14. Rfd1 Be8 15. Qxd8 Rxd8 16. Rxd8 Nxd8 17. Bxb7 Nxb7 0-1

[Event "COL-ch U18 final"]
[Site "Medellin"]
[Date "2021.06.20"]
[Round "7"]
[White "Castano, Saray"]
[Black "Moncada Correa, Sara"]
[Result "1-0"]
[WhiteElo "1590"]
[BlackElo "1869"]
[PlyCount "57"]
[EventDate "2021.06.16"]
[EventType "swiss"]
[EventRounds "7"]
[EventCountry "COL"]
[SourceTitle "EXT 2022"]
[Source "ChessBase"]
[SourceDate "2021.10.06"]
[SourceVersion "1"]
[SourceVersionDate "2021.10.06"]
[SourceQuality "1"]

1. e4 c6 2. d4 d5 3. e5 c5 4. Nf3 Nc6 5. dxc5 Bg4 6. Be2 e6 7. Nbd2 Bxc5 8. 0-0 Nge7 9. h3 Bxf3 10. Nxf3 a6 11. Bd3 Ng6 12. Bxg6 hxg6 13. c3 0-0 14. Re1 Be7 15. Nd4 Rc8 16. Nxc6 Rxc6 17. Be3 Qc7 18. Bd4 Bc5 19. Bxc5 Rxc5 20. Qe2 Rc4 21. Rad1 Re4 22. Qd3 Rxe5 23. Rxe5 Qxe5 24. Qd4 Qe2 25. Rd2 Qb5 26. f4 Rc8 27. Qf2 Rc4 28. Rd4 Rxd4 29. cxd4 1-0

[Event "COL-ch U18 final"]
[Site "Medellin"]
[Date "2021.06.19"]
[Round "5"]
[White "Londono Lopez, Donaldo Eliuver"]
[Black "Castano, Saray"]
[Result "1-0"]
[WhiteElo "2001"]
[BlackElo "1590"]
[PlyCount "45"]
[EventDate "2021.06.16"]
[EventType "swiss"]
[EventRounds "7"]
[EventCountry "COL"]
[SourceTitle "EXT 2022"]
[Source "ChessBase"]
[SourceDate "2021.10.06"]
[SourceVersion "1"]
[SourceVersionDate "2021.10.06"]
[SourceQuality "1"]

1. e4 c5 2. Nf3 d6 3. d4 cxd4 4. Nxd4 Nf6 5. Nc3 g6 6. Be3 Bg7 7. f3 0-0 8. Qd2 Nc6 9. Bc4 Bd7 10. h4 Rc8 11. Bb3 Ne5 12. 0-0-0 Nc4 13. Bxc4 Rxc4 14. h5 Qc7 15. g4 Rc8 16. hxg6 fxg6 17. Bh6 Nxe4 18. Qe3 Rxc3 19. bxc3 Nxc3 20. Bxg7 e5 21. Qh6 Nxa2+ 22. Kb2 Qb6+ 23. Nb3 1-0

[Event "COL-ch U16"]
[Site "Bogota"]
[Date "2021.03.27"]
[Round "5"]
[White "Lopez Rayo, Isabella"]
[Black "Castano, Saray"]
[Result "1-0"]
[WhiteElo "1738"]
[BlackElo "1610"]
[PlyCount "87"]
[EventDate "2021.03.24"]
[EventType "swiss"]
[EventRounds "7"]
[EventCountry "COL"]
[SourceTitle "EXT 2022"]
[Source "ChessBase"]
[SourceDate "2021.10.06"]
[SourceVersion "1"]
[SourceVersionDate "2021.10.06"]
[SourceQuality "1"]

1. e4 c5 2. Nf3 d6 3. d4 cxd4 4. Nxd4 Nf6 5. Nc3 g6 6. Be2 Bg7 7. 0-0 0-0 8. Re1 Nc6 9. Nb3 Be6 10. Bg5 d5 11. exd5 Nxd5 12. Nxd5 Qxd5 13. Qxd5 Bxd5 14. c3 Bxb3 15. axb3 h6 16. Bh4 g5 17. Bg3 Rfd8 18. Rad1 e5 19. f3 Bf8 20. Bc4 Bc5+ 21. Kf1 Kf8 22. b4 Bb6 23. b5 Ne7 24. Bf2 Bxf2 25. Kxf2 f6 26. Be6 Ng6 27. Bd5 Rab8 28. Be4 Nf4 29. g3 Ne6 30. Rxd8+ Nxd8 31. Rd1 Ke7 32. Ke3 Nf7 33. Ra1 Nd6 34. Rxa7 f5 35. Bd5 Nxb5 36. Rxb7+ Rxb7 37. Bxb7 Nd6 38. Bd5 h5 39. h3 h4 40. g4 fxg4 41. fxg4 Ne8 42. c4 Kd6 43. b4 Nc7 44. Ke4 1-0

[Event "COL-ch U16"]
[Site "Bogota"]
[Date "2021.03.26"]
[Round "4"]
[White "Castano, Saray"]
[Black "Munoz Triana, Joseph Steve"]
[Result "1/2-1/2"]
[WhiteElo "1610"]
[BlackElo "1266"]
[PlyCount "115"]
[EventDate "2021.03.24"]
[EventType "swiss"]
[EventRounds "7"]
[EventCountry "COL"]
[SourceTitle "EXT 2022"]
[Source "ChessBase"]
[SourceDate "2021.10.06"]
[SourceVersion "1"]
[SourceVersionDate "2021.10.06"]
[SourceQuality "1"]

1. e4 c5 2. Nf3 Nc6 3. d4 cxd4 4. Nxd4 Nf6 5. Nxc6 bxc6 6. Bd3 d5 7. Qe2 e6 8. 0-0 Be7 9. b3 0-0 10. Bb2 Bb7 11. Nd2 Rc8 12. Rae1 c5 13. c4 dxe4 14. Nxe4 Nxe4 15. Bxe4 Bxe4 16. Qxe4 Bf6 17. Bxf6 Qxf6 18. Qb7 a5 19. Qb5 Qc3 20. Rd1 Qb4 21. Rd7 Qxb5 22. cxb5 c4 23. bxc4 Rxc4 24. Rb1 g6 25. Ra7 a4 26. b6 Rb8 27. b7 Kg7 28. Kf1 Rc7 29. Ke2 f5 30. Rb4 Kf6 31. Kd3 g5 32. g3 g4 33. Ke3 Rd7 34. Rb6 h5 35. Raa6 Re7 36. Rxa4 Rbxb7 37. Rxb7 Rxb7 38. Ra8 h4 39. a4 hxg3 40. hxg3 Rb3+ 41. Ke2 Ke5 42. Ra6 Rb2+ 43. Ke3 Rb3+ 44. Ke2 Ra3 45. a5 Kd5 46. Kf1 e5 47. Kg2 Ke4 48. Ra8 Kd3 49. a6 Ra1 50. a7 Ke4 51. Kh2 Ra5 52. Kg2 Ra2 53. Kg1 Kf3 54. Rf8 Ra1+ 55. Kh2 Rxa7 56. Rxf5+ Ke4 57. Rg5 Kf3 58. Rf5+ 1/2-1/2

[Event "COL-ch sf"]
[Site "Medellin"]
[Date "2020.11.13"]
[Round "2"]
[White "Palacios Parra, Ivan"]
[Black "Castano, Saray"]
[Result "1-0"]
[WhiteElo "1959"]
[BlackElo "1566"]
[PlyCount "43"]
[EventDate "2020.11.12"]
[EventType "swiss"]
[EventRounds "8"]
[EventCountry "COL"]
[SourceTitle "CBM 199 Extra"]
[Source "ChessBase"]
[SourceDate "2021.01.31"]
[SourceVersion "1"]
[SourceVersionDate "2021.01.31"]
[SourceQuality "1"]

1. e4 c5 2. Nf3 d6 3. d4 cxd4 4. Nxd4 Nf6 5. Nc3 g6 6. Be3 Bg7 7. f3 0-0 8. g4 Nc6 9. Qd2 Nxd4 10. Bxd4 Be6 11. 0-0-0 Qa5 12. Kb1 Rfc8 13. g5 Nh5 14. Bxg7 Nxg7 15. h4 Rab8 16. Nd5 Qxd2 17. Rxd2 Bxd5 18. Rxd5 Nh5 19. Bh3 Rc6 20. Bg4 Nf4 21. Rd2 Kg7 22. Rhd1 1-0

[Event "COL Intercollegiate-ch U14 Girls"]
[Site "Paipa"]
[Date "2019.12.12"]
[Round "3"]
[White "Castano, Saray"]
[Black "Mogollon Tobar, Nicolle Juliet"]
[Result "0-1"]
[WhiteElo "1571"]
[BlackElo "1636"]
[PlyCount "106"]
[EventDate "2019.12.11"]
[EventType "swiss"]
[EventRounds "7"]
[EventCountry "COL"]
[SourceTitle "CBM 193 Extra"]
[Source "ChessBase"]
[SourceDate "2020.01.31"]
[SourceVersion "1"]
[SourceVersionDate "2020.01.31"]
[SourceQuality "1"]

1. e4 e6 2. Qe2 b6 3. d4 Ba6 4. c4 Ne7 5. Nc3 d6 6. Nf3 Nd7 7. g3 Nc6 8. Bg2 Be7 9. 0-0 0-0 10. a3 Na5 11. Nd2 Nc6 12. Qe3 e5 13. d5 Nd4 14. Rb1 f5 15. f4 fxe4 16. Ncxe4 Nf5 17. Qc3 Nd4 18. Qd3 Nf5 19. Nf3 exf4 20. Bxf4 Nc5 21. Nxc5 bxc5 22. Bh3 Bc8 23. g4 Nh4 24. Nxh4 Bxh4 25. Bg3 Bf6 26. Kh1 a5 27. Be1 Be5 28. Bc3 Bxc3 29. Qxc3 Bd7 30. g5 Bxh3 31. Qxh3 Qe7 32. Rbe1 Rxf1+ 33. Qxf1 Qf7 34. Qe2 Rf8 35. Kg2 Qg6 36. Qe7 Qc2+ 37. Re2 Qxc4 38. Qe6+ Kh8 39. Rf2 Rg8 40. g6 Qd3 41. gxh7 Kxh7 42. Rf3 Qg6+ 43. Kf2 Qxe6 44. dxe6 Re8 45. Rf7 Rc8 46. Rd7 Re8 47. e7 Kg6 48. Rxc7 Kf6 49. Ra7 Rxe7 50. Rxa5 Rb7 51. Ra6 Rxb2+ 52. Kg3 Ke5 53. Ra7 g6 0-1

[Event "Pan American-ch School U15 Girls"]
[Site "Medellin"]
[Date "2019.11.14"]
[Round "5"]
[White "Ruiz Jaraba, Valentina Sofia"]
[Black "Castano, Saray"]
[Result "1/2-1/2"]
[WhiteElo "1640"]
[BlackElo "1558"]
[PlyCount "57"]
[EventDate "2019.11.12"]
[EventType "swiss"]
[EventRounds "9"]
[EventCountry "COL"]
[SourceTitle "CBM 193 Extra"]
[Source "ChessBase"]
[SourceDate "2020.01.31"]
[SourceVersion "1"]
[SourceVersionDate "2020.01.31"]
[SourceQuality "1"]

1. e4 c5 2. Nf3 Nc6 3. d4 cxd4 4. Nxd4 g6 5. Nc3 Bg7 6. Be3 Nf6 7. f3 0-0 8. Qd2 d5 9. Nxc6 bxc6 10. e5 Nd7 11. f4 Qa5 12. g4 Rb8 13. Rb1 Nxe5 14. fxe5 Bxe5 15. Bd4 Bxd4 16. Qxd4 Rb4 17. Qd2 Bxg4 18. a3 Rb7 19. Rg1 Bc8 20. h4 e5 21. h5 d4 22. hxg6 hxg6 23. Bc4 Bf5 24. Qh6 Rxb2 25. Rxg6+ Bxg6 26. Qxg6+ Kh8 27. Qh6+ Kg8 28. Qg6+ Kh8 29. Qh6+ 1/2-1/2